Cội nguồn (Truyện ký) Truyện ký

Đã lưu trong:
Sonraí Bibleagrafaíochta
Príomhúdar: Dương Đình Hùng
Formáid: Leabhar
Teanga:Undetermined
Foilsithe: Tp. HCM Thanh Niên 2000
Ábhair:
Clibeanna: Cuir Clib Leis
Gan Chlibeanna, Bí ar an gcéad duine leis an taifead seo a chlibeáil!
Thư viện lưu trữ: Trung tâm Học liệu Trường Đại học Cần Thơ
LEADER 00550nam a2200181Ia 4500
001 CTU_37221
008 210402s9999 xx 000 0 und d
082 |a 895.9223 
082 |b H513c 
100 |a Dương Đình Hùng 
245 0 |a Cội nguồn (Truyện ký) 
245 0 |b Truyện ký 
245 0 |c Dương Đình Hùng 
260 |a Tp. HCM 
260 |b Thanh Niên 
260 |c 2000 
650 |a short stories, vietnamese,vietnamese literature - 20th century 
980 |a Trung tâm Học liệu Trường Đại học Cần Thơ